| 000 | 00564nam a2200217Ia 4500 | ||
|---|---|---|---|
| 005 | 20250508162817.0 | ||
| 008 | 008 250505s9999 xx 000 0 hin d | ||
| 020 | _a81-7024-470-6 | ||
| 037 | _aTextBook | ||
| 040 |
_aFEDL _beng _cFEDL |
||
| 041 |
_ahin _2hin |
||
| 084 |
_a370, BAI _qFEDL |
||
| 100 |
_aBais H S _9773980 |
||
| 245 | 0 | _aShiksha ki rooprekha | |
| 260 |
_aNew Delhi, India _bAshish Publishing House _c1991 |
||
| 300 | _a379p | ||
| 365 |
_aINR _b400 |
||
| 650 | _aEducation | ||
| 942 |
_cTB _h370, BAI |
||
| 999 |
_c1378833 _d1378833 |
||